Teatro mexicano 1958 / (Record no. 128959)

MARC details
000 -LEADER
campo de control de longitud fija 00881nam a2200229 i 4500
001 - NÚMERO DE CONTROL
campo de control 128959
003 - IDENTIFICADOR DE NÚMERO DE CONTROL
campo de control ES-MaACL
005 - FECHA Y HORA DE LA ÚLTIMA TRANSACCIÓN
campo de control 20230906193414.0
007 - CAMPO FIJO DE DESCRIPCIÓN FÍSICA--INFORMACIÓN GENERAL
campo de control de longitud fija t|
008 - DATOS DE LONGITUD FIJA--INFORMACIÓN GENERAL
campo de control de longitud fija 070531s1959 mx ||||1| spa d
245 00 - MENCIÓN DEL TÍTULO
Título Teatro mexicano 1958 /
Mención de responsabilidad, etc. selección y prólogo de Luis G. Basurto.
260 ## - PUBLICACIÓN, DISTRIBUCIÓN, ETC.
Lugar de publicación, distribución, etc. México, etc. :
Nombre del editor, distribuidor, etc. Aguilar,
Fecha de publicación, distribución, etc. 1959.
300 ## - DESCRIPCIÓN FÍSICA
Extensión 382 p. :
Otras características físicas il. ;
Dimensiones 21 cm.
505 8# - NOTA DE CONTENIDO CON FORMATO
Nota de contenido con formato Contiene: Los sueños encendidos / Luis Moreno.-- Cordelia! / Federico S. Inclán.-- El pequeño caso de Jorge Lívido / Segio Magaña.-- Malditos / Wilberto Cantón.-- La Malinche / Celestino Gorostiza
700 1# - ENTRADA AGREGADA--NOMBRE PERSONAL
Nombre de persona Basurto, Luis G.
9 (RLIN) 26387
700 1# - ENTRADA AGREGADA--NOMBRE PERSONAL
Nombre de persona Moreno, Luis.
9 (RLIN) 83301
700 1# - ENTRADA AGREGADA--NOMBRE PERSONAL
Nombre de persona Inclán, Federico S.
9 (RLIN) 65242
700 1# - ENTRADA AGREGADA--NOMBRE PERSONAL
Nombre de persona Magaña, Sergio.
9 (RLIN) 75445
700 1# - ENTRADA AGREGADA--NOMBRE PERSONAL
Nombre de persona Cantón, Wilberto.
9 (RLIN) 34681
700 1# - ENTRADA AGREGADA--NOMBRE PERSONAL
Nombre de persona Gorostiza, Celestino.
9 (RLIN) 59213
852 ## - LOCALIZACIÓN
Ubicación ES-MaACL
Número de control de estantería C-56375
Sublocalización o colección R.89109
Holdings
Estatus retirado Estado de pérdida Estado de daño No para préstamo Biblioteca de origen Biblioteca actual Ubicación en estantería Fecha de adquisición Fuente de adquisición Total de préstamos Signatura topográfica completa Código de barras Visto por última vez Precio de reemplazo Tipo de ítem Koha
        Biblioteca del Ateneo de Madrid Biblioteca del Ateneo de Madrid Depósito 2 17/01/2008     C-56375 1134300 23/02/2023 23/02/2023 Libro impreso